000 01185nam a2200325 i 4500
001 000026426
003 DO-SdBNP
005 20260305073958.0
007 ta
008 110317s1986 dr 000 0 spa d
040 _aDO-SdBNP
_bspa
_cBNPHU
_erda
041 _hspa
082 4 _a306.08
_bH519n, 1986
_222
100 1 _a Henríquez i Carvajal, Federico,
_d1848-1952
_eautor
_4aut.
_97792
245 1 0 _aNacionalismo /
_cFederico Henríquez i Carvajal ; presentación, Cándido Gerón.
264 4 _aSanto Domingo :
_bBiblioteca Nacional Pedro Henríquez Ureña (BNPHU),
_c©1986.
300 _a244 páginas. ;
_c22 cm.
336 _atexto
_btxt
_2rdacontent
337 _asin mediación
_bn
_2rdamedia
338 _avolumen
_bnc
_2rdacarrier
490 0 _aColección Orfeo
590 _aInventariado, 2019/BT
650 7 _aIdentidad nacional
_92001
_vEnsayos, conferencias, etc.
650 7 _aIdentidad colectiva
_91723
651 4 _aRepública Dominicana
_xCondiciones sociales
_946
700 1 _aGerón, Candido,
_d1948-
_epresentación
_93577
710 2 _aBiblioteca Nacional Pedro Henríquez Ureña
_981292
910 _aValidado. Control de calidad. EMS
942 _2ddc
_cLBS1
999 _c25918
_d25918